000
00336nam a22001457a 4500
008
210225b ||||| |||| 00| 0 eng d
020
_a
9780786303588
041
_a
eng
080
_2
2nd
_a
37
082
_a
37
100
_a
46
101
_a
EDU
245
_a
The survey research handbook
_c
Alreck, P.L & Settle. R.B
942
_2
udc
_c
BK
999
_c
55239
_d
55239